000
00277nam a22001337a 4500
008
170904b xxu||||| |||| 00| 0 eng d
020
_a
9780760738559
041
_a
eng
080
_a
047
100
_a
40
101
_a
MED
245
_a
INTERVIEW
_c
INGPLS.C
942
_2
udc
_c
BK
999
_c
26060
_d
26060